000 00804nam a22001937a 4500
999 _c1550
_d1550
003 AR-CdUCM
008 190227b ||||| |||| 00| 0 spa d
040 _aMUNICIPALIDAD PROVINCIAL DEL CUSCO
_cBIBLIOTECA MUNICIPAL DEL CUSCO
082 _a323.4 /
_bL86
100 _aLoth, David
_95821
245 _a¿Qué tan alto es arriba? :
_bla protección jurídica del hombre ante los problemas creados por el avance científico /
260 _aMéxico :
_bLimusa - Wiley ,
_c1967.
300 _a344 páginas ;
_c19 cm.
505 _aQue tan alto es arriba -- que tan profundo es abajo -- que el vendedor se cuide -- El genio de la botella -- la bendición caída del cielo...
650 _aProtección jurídica.
_95822
700 _aErnest, Morris L.
_95823
942 _2ddc
_cLIBROS
945 _awfj
_d2019-02-27